000 01597nam2a22002651 4500
001 rc\3994965
005 20260406160715.0
021 _aRU
_b[60-32471]
035 _a(NLR Aleph) 008069716
090 _a9055087
_c9055087
100 _a20130415d1960 |||y0rusy50 ca
101 0 _arus
102 _aRU
105 _aa z |||||
200 0 _aВып. 8
210 _d1960
_aБ. м.
215 _a144 с.
_cил.
320 _aБиблиогр. трудов Ин-та металлокерамики и спецсплавов АН УССР, 1958 г.: с. 137-143 (112 назв.) и библиогр. в конце статей
461 0 _1001rc\3994958
_12001#$aВопросы порошковой металлургии и прочности материалов$e[Сборник трудов$fРед. коллегия: чл.-кор. АН УССР И.Н. Францевич (отв. ред.) и др.]$gАкад. наук Укр. ССР. Лаборатория спец. сплавов. Вып. 1-$vВып. 8
_99055045
_cКиев
_d1954
_fРед. коллегия: чл.-кор. АН УССР И.Н. Францевич (отв. ред.) и др.]
_nИзд-во Акад. наук УССР
_o[Сборник трудов
_tВопросы порошковой металлургии и прочности материалов
_vВып. 8
712 0 2 _aИнститут металлокерамики и специальных сплавов
_cКиев
_9359483
_3RU\NLR\AUTH\889932066
801 0 _aRU
_bNLR
_gpsbo
801 1 _aRU
_bELAR
_2rusmarc
852 _aNLR
_jТ30 Г-6/428
942 _cBOOK
980 _aNB